Thuyết Đường; T2

Bewaard in:
Bibliografische gegevens
Hoofdauteur: Thuyết Đường; T2
Formaat: Boek
Taal:Undetermined
Gepubliceerd in: Đồng Tháp Nxb. Tổng hợp Đồng Tháp 1990
Onderwerpen:
Tags: Voeg label toe
Geen labels, Wees de eerste die dit record labelt!
Thư viện lưu trữ: Trung tâm Học liệu Trường Đại học Cần Thơ
LEADER 00517nam a2200169Ia 4500
001 CTU_8298
008 210402s9999 xx 000 0 und d
082 |a 895.13 
082 |b Th528/T2 
100 |a Thuyết Đường; T2 
245 0 |a Thuyết Đường; T2 
245 0 |c Thuyết Đường; T2, La Thần 
260 |a Đồng Tháp 
260 |b Nxb. Tổng hợp Đồng Tháp 
260 |c 1990 
650 |a chinese fiction 
980 |a Trung tâm Học liệu Trường Đại học Cần Thơ